Gandhi : (Record no. 18414)

MARC details
000 -LEADER
fixed length control field 00975cam a2200289 a 4500
001 - CONTROL NUMBER
control field 3873822
003 - CONTROL NUMBER IDENTIFIER
control field BDDh-ASL
005 - DATE AND TIME OF LATEST TRANSACTION
control field 20231015025715.0
008 - FIXED-LENGTH DATA ELEMENTS--GENERAL INFORMATION
fixed length control field 891207s1989 ctua b 001 0beng
010 ## - LIBRARY OF CONGRESS CONTROL NUMBER
LC control number 89051020
020 ## - INTERNATIONAL STANDARD BOOK NUMBER
International Standard Book Number 0300045956
040 ## - CATALOGING SOURCE
Original cataloging agency DLC
Transcribing agency DLC
Modifying agency BDDh-ASL
043 ## - GEOGRAPHIC AREA CODE
Geographic area code a-ii---
050 00 - LIBRARY OF CONGRESS CALL NUMBER
Classification number DS481.G3
Item number B735 1989
082 00 - DEWEY DECIMAL CLASSIFICATION NUMBER
Classification number 923.25403
Edition number 20
Item number BRG
100 1# - MAIN ENTRY--PERSONAL NAME
Personal name Brown, Judith M.
Fuller form of name (Judith Margaret),
Dates associated with a name 1944-
245 10 - TITLE STATEMENT
Title Gandhi :
Remainder of title prisoner of hope /
Statement of responsibility, etc. Judith M. Brown.
260 ## - PUBLICATION, DISTRIBUTION, ETC.
Place of publication, distribution, etc. New Haven :
Name of publisher, distributor, etc. Yale University Press,
Date of publication, distribution, etc. 1989.
300 ## - PHYSICAL DESCRIPTION
Extent xii, 440 p. :
Other physical details ill. ;
Dimensions 24 cm.
504 ## - BIBLIOGRAPHY, ETC. NOTE
Bibliography, etc. note Includes bibliographical references (p. [432]-433).
600 10 - SUBJECT ADDED ENTRY--PERSONAL NAME
Personal name Gandhi,
Titles and other words associated with a name Mahatma,
Dates associated with a name 1869-1948.
650 #0 - SUBJECT ADDED ENTRY--TOPICAL TERM
Topical term or geographic name entry element Nationalists
Geographic subdivision India
General subdivision Biography.
650 #0 - SUBJECT ADDED ENTRY--TOPICAL TERM
Topical term or geographic name entry element Statesmen
Geographic subdivision India
General subdivision Biography.
906 ## - LOCAL DATA ELEMENT F, LDF (RLIN)
a 7
b cbc
c orignew
d 2
e ocip
f 19
g y-gencatlg
942 ## - ADDED ENTRY ELEMENTS (KOHA)
Source of classification or shelving scheme Dewey Decimal Classification
Koha item type Books
Holdings
Withdrawn status Lost status Source of classification or shelving scheme Damaged status Not for loan Collection code Home library Current library Shelving location Date acquired Source of acquisition Total Checkouts Full call number Barcode Date last seen Copy number Price effective from Koha item type Public note
    Dewey Decimal Classification   Not For Loan Non-fiction Asiatic Society Library Asiatic Society Library Harrison Collection 09/29/2020 Donated by Prof. John B. Harrison   923.25403 BRG 101600 09/29/2020 C-1 09/29/2020 Books RARE

Powered by Koha